Género, universidad y sociedad (Record no. 198943)

MARC details
000 -CABECERA
campo de control de longitud fija 01028nam a2200301 u 4500
005 - FECHA Y HORA DE LA ÚLTIMA TRANSACCIÓN
campo de control 20250301063806.0
008 - ELEMENTOS DE LONGITUD FIJA--INFORMACIÓN GENERAL
campo de control de longitud fija 180925s2016 mx r 000 0 spa d
020 ## - NÚMERO INTERNACIONAL NORMALIZADO PARA LIBROS
Número Internacional Estándar del Libro 9786075240640
035 ## - NÚMERO DE CONTROL DEL SISTEMA
Número de control de sistema UPN01000226847
040 ## - FUENTE DE LA CATALOGACIÓN
Centro catalogador/agencia de origen MX-MxUPN
Lengua de catalogación spa
Centro/agencia transcriptor MX-MxUPN
049 ## - COLECCIÓN
Colección CG
050 #4 - SIGNATURA TOPOGRÁFICA DE LA BIBLIOTECA DEL CONGRESO
Número de clasificación HQ1236.5 M6
Número de documento/Ítem G4.5
245 00 - MENCIÓN DE TÍTULO
Título Género, universidad y sociedad
250 ## - MENCIÓN DE EDICIÓN
Mención de edición Primera edición
260 ## - PUBLICACIÓN, DISTRIBUCIÓN, ETC.
Lugar de publicación, distribución, etc. México :
Nombre del editor, distribuidor, etc. Universidad Autónoma de Tamaulipas :
-- Miguel Angel Porrúa,
Fecha de publicación, distribución, etc. ©2016
300 ## - DESCRIPCIÓN FÍSICA
Extensión 320 páginas :
Otras características físicas ilustraciones, gráficas, tablas
490 ## - MENCIÓN DE SERIE
Mención de serie Estudios de género
650 #4 - ASIENTO SECUNDARIO DE MATERIA - TERMINO TEMATICO
Término de materia o nombre geográfico como elemento de entrada Derechos de las mujeres
Subdivisión geográfica México
9 (RLIN) 4982
650 #4 - ASIENTO SECUNDARIO DE MATERIA - TERMINO TEMATICO
Término de materia o nombre geográfico como elemento de entrada Violencia contra las mujeres
Subdivisión geográfica México
9 (RLIN) 22959
650 #4 - ASIENTO SECUNDARIO DE MATERIA - TERMINO TEMATICO
Término de materia o nombre geográfico como elemento de entrada Igualdad ante la ley
9 (RLIN) 14260
650 #2 - ASIENTO SECUNDARIO DE MATERIA - TERMINO TEMATICO
Término de materia o nombre geográfico como elemento de entrada Tamaulipas
Subdivisión general Política y gobierno
9 (RLIN) 24385
700 1# - ASIENTO SECUNDARIO--NOMBRE DE PERSONAL
Nombre de persona Guzmán Acuña, Teresa de Jesús
Término indicativo de función/relación coordinadora
9 (RLIN) 42211
700 1# - ASIENTO SECUNDARIO--NOMBRE DE PERSONAL
Nombre de persona Guzmán Acuña, Josefina
Término indicativo de función/relación coordinadora
9 (RLIN) 46833
902 ## - ELEMENTOS DE DATOS B LOCAL, LDB (RLIN)
Modificó NoemíAcosta/270922
905 ## - TIPO DE MATERIAL
Tipo de material Libro
942 ## - ELEMENTOS DE PUNTO DE ACCESO ADICIONAL (KOHA)
Fuente del sistema de clasificación o colocación Library of Congress Classification
Tipo de ítem Koha Libro
Holdings
Estado de retiro Estado de pérdida Fuente del sistema de clasificación o colocación Estado dañado No para préstamo Código de colección Localización permanente Ubicación/localización actual Ubicación en estantería Total de préstamos Clasificación Código de barras Fecha visto por última vez Número de copia Tipo de ítem Koha Fecha de adquisición Precio válido a partir de Fecha del último préstamo
    Library of Congress Classification     Colección General Bib. Gregorio Torres Quintero Bib. Gregorio Torres Quintero Planta baja   HQ1236.5 M6 G4.5 326776 31/12/2020 1 Libro      
    Library of Congress Classification     Colección General Bib. Gregorio Torres Quintero Bib. Gregorio Torres Quintero Planta baja 1 HQ1236.5 M6 G4.5 326777 31/12/2020 1 Libro      
    Library of Congress Classification     Colección General Bib. Gregorio Torres Quintero Bib. Gregorio Torres Quintero Planta baja   HQ1236.5 M6 G4.5 336011 27/09/2022 Ej.3 Libro 27/09/2022 27/09/2022  
    Library of Congress Classification     Colección General Bib. Gregorio Torres Quintero Bib. Gregorio Torres Quintero Planta baja   HQ1236.5 M6 G4.5 336012 27/09/2022 Ej.4 Libro 27/09/2022 27/09/2022  
    Library of Congress Classification     Colección General Bib. Gregorio Torres Quintero Bib. Gregorio Torres Quintero Planta baja 1 HQ1236.5 M6 G4.5 336013 24/05/2023 Ej.5 Libro 27/09/2022 27/09/2022 03/05/2023